| 000 | 00501nam a22001937a 4500 | ||
|---|---|---|---|
| 005 | 20260515115025.0 | ||
| 008 | 240813b |||||||| |||| 00| 0 eng d | ||
| 020 | _a9788184556056 | ||
| 040 |
_aIN-DiNC _cIN-DiNC |
||
| 041 | _dhin | ||
| 082 |
_a891.434 _bDAS |
||
| 100 |
_aDas, Shyamsunder _eauthor |
||
| 245 |
_aKabir granthawali/ _cby Shyamsunder Das |
||
| 250 | _a2018. | ||
| 260 |
_aNew Delhi: _bOmega publications, _c2018. |
||
| 300 | _a312p. | ||
| 650 | _aKabir collection | ||
| 942 |
_2ddc _cBK |
||
| 999 |
_c11846 _d11846 |
||